| 000 | 00000nam 2200000za 4500 |
| 001 | 9.818342 |
| 003 | CaOODSP |
| 005 | 20251010122427 |
| 007 | cr ||||||||||| |
| 008 | 160526s2013 onc|||||o f|0| 0 eng d |
| 040 | |aCaOODSP|beng |
| 043 | |an-cn--- |
| 086 | 1 |aYM32-2/2013-83E-PDF |
| 100 | 1 |aButler, Martha. |
| 245 | 10|aSection 15 of the Canadian Charter of Rights and Freedoms |h[electronic resource] : |bthe development of the Supreme Court of Canada's approach to equality rights under the Charter / |c[by] Martha Butler. |
| 250 | |a[11 September 2013 edition]. |
| 260 | |aOttawa : |bLibrary of Parliament, |c2013. |
| 300 | |ai, 18 p. |
| 490 | 1 |aBackground paper ; |v2013-83-E |
| 500 | |a11 September 2013. |
| 500 | |aIssued also in French under title: L’article 15 de la Charte canadienne des droits et libertés – l’évolution de la conception de la Cour suprême du Canada du droit à l’égalité garanti par la Charte. |
| 504 | |aIncludes bibliographical references. |
| 692 | 07|2gccst|aCharter of rights and freedoms |
| 692 | 07|2gccst|aEqual opportunities |
| 710 | 1 |aCanada. |bParliamentary Information and Research Service. |
| 775 | 08|tL'article 15 de la Charte canadienne des droits et libertés |w(CaOODSP)9.818348 |
| 794 | |tSection 15 of the Canadian Charter of Rights and Freedoms : |b[Revised 30 August 2024]|w(CaOODSP)9.956168 |
| 830 | #0|aBackground paper ;|v2013-83-E|w(CaOODSP)9.504772 |
| 856 | 40|qPDF|s389 KB|uhttps://publications.gc.ca/collections/collection_2016/bdp-lop/bp/YM32-2-2013-83-eng.pdf |